00679 a2200169 45000010006000000050017000060080041000230030015000640400040000790800122001192450027002412640028002683000019002965050151003151000020004667000023004865015220260407155802.0260407a1965 arg spa dAR-UNSa-BCEJYS aAR-UNSa-BCEJYSbspacAR-UNSa-BCEJYS a101.1xNaturaleza de la filosofía. La filosofía como ciencia. La filosofía como arte (pensamiento filosófico)10aLas grandes filosofias 1aMéxico :bDianac1965 a142 p.c18 cm. aI. Los orígenes - II. La filosofía griega - III. Los Renacimientos medievales - IV. La filosofía moderna - V. El pensamiento contemporáneo1 aDucasse, Pierre1 aDe Alba, Adolfo A.